[Event "EU-Cup 21st"]
[Site "Saint Vincent"]
[Date "2005.09.22"]
[Round "5.5"]
[White "Karjakin, Sergey"]
[Black "Aleksandrov, Aleksej"]
[Result "1/2-1/2"]
[WhiteElo "2645"]
[BlackElo "2630"]
[Annotator "Marin,M"]
[PlyCount "62"]
[EventDate "2005.09.18"]
[EventType "team-swiss"]
[EventRounds "7"]
[EventCountry "ITA"]
[SourceTitle "CBM 110"]
[Source "ChessBase"]
[SourceDate "2006.01.31"]
[SourceVersion "1"]
[SourceVersionDate "2006.01.31"]
[SourceQuality "1"]
[WhiteTeam "Paris NAO"]
[BlackTeam "Cheliabinsk"]
[WhiteTeamCountry "FRA"]
[BlackTeamCountry "RUS"]

1. e4 e5 2. Nf3 Nc6 3. Bb5 a6 4. Ba4 Nf6 5. O-O Be7 6. Re1 b5 7. Bb3 d6 8. c3
O-O 9. h3 Na5 10. Bc2 c5 11. d4 Qc7 12. d5 Bd7 {The most natural move,
connecting rooks and completing the development at the same time. The only
drawback of this move is that it postpones solving the problem of the
a5-knight.} 13. Nbd2 {This also looks natural from the point of view of the
development, but it allows Black solve the problem of the knight in the
optimal possible way. However, we should take into account the fact that the
position is relevant for a slightly different move order: 12.Nbd2 Bd7 13.d5.}
c4 $1 {Once the c3-pawn has lost the knight's protection, Black can safely
play this move, clearing the c5-square for the knight and without fearing the
typical reaction based on b4 and if Nb7 then a4 with chances for White of
maintaining the pressure on both wings.} 14. Nf1 Nb7 {Once the knight will get
to c5, the position will strongly ressemble the Breyer system, with the
significant difference that the bishop was developed on d7 instead of b7. This
obviously favours Black, not only from the point of view of the activity of
the bishop, but also for the possible queen side counterplay based on Rb8 and
b4. The fact that the knights do not have communication between them via d7 is
of less significance, since the king's night has the plan Ne8, g6 and Ng7 at
its disposal, ensuring certain safety on the king side. In the meanwhile,
White has to choose a concrete way to carry out his king side attack.} 15. N3h2
{From a general point of view, this is the most flexible move. White cleares
the way of his f-pawn, while maintaining g4 in reserve.} ({The immediate} 15.
g4 {can be met by} h5 {when Black can try to get the control of the slightly
weak dark squares:} 16. N3h2 (16. g5 Nh7 17. h4 g6 {/\f5 or f6, קh4}) 16... g6
17. Bh6 Rfe8 18. Qf3 Qd8 $1 {[%cal Yd8h4] This is one of the moments when it
is a good idea to return with the queen to its initial squares (something I
mentioned in the notes to Lopez-Yegiazarian from this same issue of CBM).
However, we cannot really speak about a loss of time from Black's part (as
would be the situation in the case of Bc8-b7-c8), since the concrete
circumstances (and necessities) have changed in the meanwhile.} 19. Ne3 h4 20.
Kh1 Nh7 {[%csl Yf4,Yg5][%cal Re7g5]} 21. Nf5 $5 {Facing the risk to be
overplayed strategically, White starts a hazarduous attack.} Bg5 {Since the
knight does not threaten anything concrete yet, there is no need to capture it
at once.} 22. Rg1 f6 23. Bxg5 Nxg5 24. Qe3 gxf5 {But now that Black has
consolidated on dark squares, this capture is entirely safe.} 25. gxf5 Kf7 $17
{White has no adequate attack for the sacrificed material. 0-1 Megaranto,S 
(2499)-Avrukh,B (2652)/Amsterdam 2005/CBM 107 ext (33)}) ({The natural} 15. Ng3
{has the significant drawback of blocking the g-pawn, thus somewhat
restricting White's offensive possibilities.} Nc5 16. Nh2 a5 {There is no
reason for Black to postpone the start of his main plan.} ({However, inserting
some prophilactic moves is also entirely possible, for instance} 16... Rfe8 17.
f4 Rab8 18. fxe5 dxe5 19. Rf1 b4 20. Bd2 b3 $5 $132 {0-1 Al Modiahki,M (2570)
-Purnama,T (2337)/Barcelona ESP 2005/TWIC 565 (23)}) 17. Qf3 b4 18. Nf5 $6 ({
A more consistent continuation of the attack is} 18. Ng4 $6) 18... Bxf5 $1 19.
Qxf5 (19. exf5 e4 20. Qd1 Nd3 $17) 19... Rfb8 20. Qf3 Nfd7 {It now becomes
obvious that the exchange on f5 has allowed Black solve his last remaining
problem of coordination: the connection of knights through d7. Now, the
thematic f4 is hardly advisable, since the d7-knight would get the excellent
e5-square.} 21. Nf1 b3 $1 {A thematic move, radically changing the structure
and severely restricting the enemy bishop.} 22. axb3 cxb3 23. Bd1 a4 24. Rb1
Qd8 25. Be2 Bg5 26. Nd2 a3 $36 {Play is rather one sided. Black enjoys a
fantastic position. 0-1 Kozlov,V (2415)-Tseshkovsky,V (2470)/Aktjubinsk 1985/
MCD (50)}) ({White could also try to widen the front of his offensive by
taking preventive measures on the queen side with} 15. Bd2 Nc5 (15... a5 $5 16.
a4 $140 bxa4 17. Bxa4 Nc5 18. Bc2 Rfb8 $132) 16. b4 {for instance} cxb3 17.
axb3 a5 18. Ra3 Rfc8 19. Qe2 Bd8 20. Rea1 Qb7 21. Ng3 g6 $13 {Both sides have
regrouped in optimal way. The situation is balanced. 1/2-1/2 Kalesis,N (2410)
-Frolov,A (2545)/Cappelle la Grande 1995/EXT 97}) 15... a5 {From Black's point
of view, the move order is not essential at this stage of the game.} ({He can
also play first} 15... Nc5 {of course.} 16. f4 exf4 ({Some of the players
prefer to postpone this exchange until White weakens his king's position with
g4. Therefore,} 16... a5 {looks like a worthy alternative, when the critical
continuation is probably} 17. f5) 17. Bxf4 g6 18. Nf3 Nh5 19. Bh2 f6 $6 {
But this is a unnecessary weaknening move. Black was probably afraid of the
central break e5, but it isnot always clear whome would favour most such a
decision. From a static point of view, we can notice that Black would get the
d6-square while the d5 pawn, not supported by Bc2, could become weak.} (19...
a5 $5) 20. Nd4 Rae8 21. Qf3 Ng7 22. Ne3 Nb7 23. Rf1 Nd8 24. Ng4 Kh8 25. Kh1 Qc8
26. Nh6 Nf7 27. Nxf7+ Rxf7 28. g4 $14 {1-0 Vasiukov,E (2500)-Unzicker,W (2480)/
Moscow 1991/CBM 025 (40)}) ({However,} 15... Qb6 $5 {might make some
difference compared to the usual course of the game. Black improves the
position of his queen and causes White some loss of time, because the
immediate Kh1 is not possible.} 16. Be3 Nc5 17. b4 $5 {The decision to change
plans is probably corect.} ({In case of} 17. Kh1 a5 18. f4 exf4 19. Bxf4 b4 {
Black gets the useful move Qc7-b6 for free.}) 17... cxb3 18. axb3 Qc7 {Now
that the circumstances have changed, the queen returns to its previous
location. Even though White might have to return with the bishop to d2, he
would be basically one tempo ahead compared to the game Kalesis-Frolov. It's a
pity that players agreed here to a draw. 1/2-1/2 Ciocaltea,V (2445)-Ivkov,B 
(2540)/Malaga 1981/MCD}) 16. f4 Nc5 $146 {Technically speaking a novelty,
although in principle the game will diverge later from the known course.} (
16... b4 17. g4 Rfb8 $5 {A rather risky decision.} (17... exf4 {looks safer.})
18. g5 Ne8 19. f5 Nc5 20. Kh1 $6 {White plays too slowly.} (20. Ng4 $5 $40 {
[%cal Yf5f6,Yf1g3]}) 20... a4 21. Be3 a3 22. bxa3 Rxa3 23. cxb4 Rxb4 24. Ng4
Nd3 25. Bxd3 Rxd3 26. Qe2 Qb7 27. Rec1 Qb5 28. Rc2 Qa4 29. Rac1 Bb5 $36 {
Black's attack develops clearly faster. 0-1 Jirovsky,P (2315)-Biolek,R (2455)/
Olomouc 1995/EXT 97 (44)}) 17. g4 ({In case of the immediate} 17. f5 {Black
seems to be able to organize effective defence along the h4-d8 diagonal with}
Rfb8 {This looks the most consistent continuation. Black transfers the last
reserves to the queen side, leaving for later the decision regarding the
concrete form of carrying out the attack.} ({the straightforward} 17... b4 18.
g4 b3 19. axb3 cxb3 {is also possible, for instance} 20. Bd3 h6 21. h4 Nh7 22.
Nf3 Qd8) 18. g4 h6 19. h4 Nh7 20. Nf3 Qd8 {and White's attack has reached a
dead end while Black's offensive is just about to start.}) 17... exf4 {But now,
g5 followed by f5 was a serious threat.} ({With the position not blocked yet,} 
17... h6 $2 {is pointless now because of} 18. g5 $1 $40) 18. Bxf4 b4 19. Ng3 (
19. e5 dxe5 20. Bxe5 Qb6 (20... Bd6 $5 21. Bxf6 gxf6 {Black certainly has some
compensation for the king side weaknesses, due to his autoritary control over
dark squares.}) 21. Qd4 Na4 22. Qxb6 Nxb6 23. d6 Bd8 $13 {/\Be6, Nfd7}) 19...
Ne8 {Black reinforces the control over the d6-square in advance, anticipating 
(or aiming to discourage) the central break.} 20. Nf3 b3 21. axb3 cxb3 22. Bxb3
Rb8 23. Bc2 Rxb2 24. Nd4 Bf6 $132 {[%cal Yf6e5,Ye8f6] Black's stability on
dark squares as well as his outside passed pawn compensates for White's active
position in the centre.} 25. Qc1 Rb8 26. Qe3 a4 27. Reb1 Rxb1+ 28. Rxb1 a3 29.
Ra1 Qa5 30. Nge2 Be5 31. Qc1 Nf6 1/2-1/2

[Event "WchT 6th"]
[Site "Beersheba"]
[Date "2005.11.10"]
[Round "9.4"]
[White "Karjakin, Sergey"]
[Black "Mchedlishvili, Mikheil"]
[Result "1-0"]
[WhiteElo "2658"]
[BlackElo "2564"]
[Annotator "Lukacs,P"]
[PlyCount "81"]
[EventDate "2005.11.01"]
[EventType "team-tourn"]
[EventRounds "9"]
[EventCountry "ISR"]
[SourceTitle "CBM 110"]
[Source "ChessBase"]
[SourceDate "2006.01.31"]
[SourceVersion "1"]
[SourceVersionDate "2006.01.31"]
[SourceQuality "1"]
[WhiteTeam "Ukraine"]
[BlackTeam "Georgia"]
[WhiteTeamCountry "UKR"]
[BlackTeamCountry "GEO"]

1. e4 {Ftacnik} c6 2. d4 d5 3. Nc3 dxe4 4. Nxe4 Bf5 5. Ng3 Bg6 6. h4 h6 7. Nf3
Nd7 8. h5 Bh7 9. Bd3 Bxd3 10. Qxd3 e6 11. Bf4 Qa5+ 12. Bd2 Bb4 13. c3 Be7 14.
c4 Qc7 15. O-O-O Ngf6 16. Kb1 O-O (16... Rd8 17. Qe2 {White wanted to improve
his Q's position anyway.} O-O 18. Ne5 $1 (18. Bc3 Bd6 $132) 18... c5 19. Ng6 $1
{This is the typical tactical blow here, Nataf-Chabanon, Port Barcares 2005
CBM 107.}) (16... O-O-O {leads to typical Classical CK positions with a little
bit better chances for White in the _|_.} 17. Qe2 Rhe8 18. Bc3 Kb8 (18... c5
19. Rhe1 cxd4 20. Nxd4 a6 21. Nf3 Bd6 22. Ne4 Nxe4 23. Qxe4 Nf6 24. Bxf6 gxf6
25. Qe3 $14 {Fressinet-L'Ami, Warsaw 2005}) 19. Ne5 $14) 17. Rhe1 (17. Qe2 {
looks more straightforward.} Rfe8 (17... b5 $6 {is not so effective when Black
has already castled >>.} 18. c5 Nd5 19. Ne4 b4 20. g4 $40 {with attacking
chances on the >>.}) (17... Rad8 {- 16...Rd8}) 18. Ne5 (18. Bc3 b5 $1 $132)
18... b5 $5 {is again met by} (18... Nxe5 19. dxe5 Nd7 20. f4 {is a favourable
change of the P structure for White.}) (18... Rad8 19. f4 $1 (19. Bc3 $6 {
runs into} b5 $1) 19... c5 20. Bc3 {Now the B belongs to the long /^.} cxd4 21.
Bxd4 Bc5 $13) (18... c5 $5 19. Bc3 cxd4 20. Bxd4 Nxe5 21. Bxe5 Qc6 22. f4 Rac8
$13) 19. c5 $5 (19. cxb5 cxb5 20. Qxb5 Nxe5 21. dxe5 Nd5 $44 {gives Black good
attacking chances on the <<.}) (19. f4 bxc4 20. Qxc4 c5 $132 {Manik-Zelcic,
Mitropa Cup 2003}) (19. Rc1 $5 bxc4 20. Rxc4 $1 c5 $132) 19... Nd5 20. f4 b4
21. Ne4 {/\ g4-g5}) 17... Rfe8 (17... Rfd8 $5 18. Qe2 (18. Nf5 Bf8) 18... c5
19. Ne5 $1 Qb6 (19... cxd4 20. Nxf7 $1) 20. Nxf7 $5 {leads to immense
complications.} Kxf7 21. Ba5 $40) (17... Rad8 18. Qe2 (18. Nf5 $6 {is
premature.} exf5 19. Rxe7 Ne4 $15) 18... Bd6 (18... Rfe8 {- 17.Rfe8}) 19. Ne4
Nxe4 20. Qxe4 Nf6 21. Qh4 Be7 $13) 18. Ne5 Bd6 {Ftacnik: 'The games with this
position have not clearly established, what is the best defense for black.'} (
18... Rad8 19. Qf3 $36) 19. f4 Rad8 20. Qf3 {White has build up an ideal setup
except his bad N on g3. Black has to organize his counterplay quickly.} c5 $1
21. Nxd7 Rxd7 {Ftacnik: 'Mchedishvili will have to live with white passed pawn
on d5 one way or another, his task is to get the most of counterplay with
pieces.'} (21... Nxd7 22. d5 Nb6 (22... exd5 {Ftacnik} 23. Nf5 Nf6 24. Rxe8+
Rxe8 25. cxd5 Qd7 26. g4 Ne4 27. Be3 Bf8 $11) 23. dxe6 Nxc4 24. exf7+ Qxf7 25.
Rxe8+ Rxe8 26. Bc1 Bf8 $14 {and Black's position is acceptable.}) 22. d5 $1 {
This is the best reaction.} exd5 (22... Rde7 23. dxe6 (23. Bc3 {Ftacnik} exd5
24. Rxe7 Bxe7 25. cxd5 Qd7 26. d6 Bd8 $13) 23... Rxe6 24. Rxe6 Rxe6 25. Nf5 Ne4
26. Bc1 Bf8 27. g4 $14 {and White has some attacking chances on the >>.} Qc6
$11 {Ftacnik}) 23. Rxe8+ Nxe8 24. cxd5 Bf8 {Black can blockade the o^ d5, but
White's pieces are very active, he has chances for a >> ->.} 25. Bc3 Nd6 {
defending also against Nf5.} (25... b5 26. Nf5 $1) (25... c4 {Ftacnik} 26. Be5
(26. Nf5 Nd6 27. Be5 c3 $13) 26... Nd6 27. Ne2 Qd8 28. g4 $14) 26. Be5 Qd8 27.
Bxd6 {Ftacnik: 'A surprising, but strategically very sound idea. Karjakin is
exchanging the best blockading piece and the black bishop will be no match for
the attacking knight on f5.'} Bxd6 28. Nf5 {The N on f5 is extremely effective.
} Qf6 (28... Bf8 29. Qe4 $1 {centralizing the Q and gaining the e file.} (29.
Qg4 {immediately leads only to a bit better _|_ after the forced moves} Rxd5 $1
30. Rxd5 Qxd5 31. Qxg7+ Bxg7 32. Ne7+ Kf8 33. Nxd5 Bd4 34. g4 $14) 29... b5 30.
d6 (30. g4) 30... b4 31. g4 $16 {and White's -> comes first.}) 29. Qe4 Rd8 (
29... Bf8 30. g4 $16) 30. g4 b5 31. Rd2 {White is cautious.} (31. Rg1 {/\ g5
immediately was possible.}) 31... c4 32. Rg2 Kf8 (32... c3 33. bxc3 Qxc3 34.
Nxd6 Rxd6 35. Rc2 Qa5 36. Rc8+ Rd8 37. Rxd8+ Qxd8 38. Qe5 $16 {In the Q _|_
the centralization of the Q and a strong o^ can decide the battle.}) 33. Re2 (
33. g5 hxg5 34. fxg5 Qe5 35. Nxd6 Qxd6 36. Rd2 Re8 $14) 33... Kg8 $2 {Now
White's -> crashes through.} (33... Bc5 34. g5 hxg5 35. fxg5 Qxg5 36. d6 $1 Qf6
37. h6 gxh6 38. d7 Qe6 39. Qf4 Qf6 40. Re5 Bb6 41. Qe4 $16) 34. g5 $1 $18 hxg5
35. fxg5 Qxg5 36. h6 $1 c3 (36... g6 37. Nxd6 Rxd6 38. Qe8+ $18) 37. Rg2 Qh5
38. Rxg7+ Kf8 39. Qg4 Qh1+ 40. Kc2 Qh2+ 41. Qg2 1-0

[Event "FRA-chT Top 16 GpA"]
[Site "Montpellier"]
[Date "2006.03.31"]
[Round "5"]
[White "Karjakin, Sergey"]
[Black "Pelletier, Yannick"]
[Result "1/2-1/2"]
[WhiteElo "2660"]
[BlackElo "2579"]
[PlyCount "49"]
[EventDate "2006.03.03"]
[EventType "team"]
[EventRounds "11"]
[EventCountry "FRA"]
[SourceTitle "CBM 111 Extra"]
[Source "ChessBase"]
[SourceDate "2006.05.09"]
[SourceVersion "1"]
[SourceVersionDate "2006.05.09"]
[SourceQuality "1"]

1. e4 e6 2. d4 d5 3. Nc3 dxe4 4. Nxe4 Nd7 5. Nf3 Ngf6 6. Nxf6+ Nxf6 7. Bd3 c5
8. Be3 Qc7 9. Qe2 a6 10. O-O Be7 11. dxc5 Bxc5 12. Bg5 O-O 13. Ne5 Nd7 14. Bf4
Nxe5 15. Bxe5 Qe7 16. Rad1 f6 17. Qe4 g6 18. Bd4 Bxd4 19. Qxd4 e5 20. Qb6 Be6
21. f4 Rad8 22. fxe5 fxe5 23. Be4 Rxf1+ 24. Rxf1 Qd6 25. Qxd6 1/2-1/2

[Event "RUS-chT 13th"]
[Site "Sochi"]
[Date "2006.04.28"]
[Round "9"]
[White "Areshchenko, Alexander"]
[Black "Karjakin, Sergey"]
[Result "1/2-1/2"]
[WhiteElo "2660"]
[BlackElo "2661"]
[PlyCount "110"]
[EventDate "2006.04.20"]
[EventType "team-tourn"]
[EventRounds "11"]
[EventCountry "RUS"]
[SourceTitle "EXT 2020"]
[Source "ChessBase"]
[SourceDate "2019.10.17"]
[SourceVersion "1"]
[SourceVersionDate "2019.10.17"]
[SourceQuality "1"]
[WhiteTeam "Togliatti Lada"]
[BlackTeam "Samara Yunilain"]
[WhiteTeamCountry "RUS"]
[BlackTeamCountry "RUS"]

1. e4 c5 2. Nf3 d6 3. d4 cxd4 4. Nxd4 Nf6 5. Nc3 a6 6. Be2 e5 7. Nb3 Be7 8. O-O
O-O 9. Bg5 Be6 10. Bxf6 Bxf6 11. a4 Nc6 12. Nd5 Bg5 13. a5 Rc8 14. Bg4 Nb8 15.
Bxe6 fxe6 16. Nb6 Rc6 17. c3 Nd7 18. Nxd7 Qxd7 19. Qe2 Rb8 20. Rfd1 Qf7 21. Nd2
Bxd2 22. Rxd2 b5 23. axb6 Rbxb6 24. h4 h6 25. h5 Qb7 26. Kh2 Rb3 27. Rad1 Qe7
28. Rd3 Rcb6 29. R1d2 a5 30. g3 a4 31. Kg2 Kh7 32. Qg4 Rxb2 33. Qg6+ Kh8 34.
Rxd6 Rxd6 35. Rxb2 a3 36. Rb7 Rd7 37. Rb8+ Rd8 38. Rxd8+ Qxd8 39. Qxe6 Qa8 40.
Qa2 Qxe4+ 41. f3 Qa4 42. Kf2 Qa5 43. Qe6 Qa7+ 44. Kg2 Qa8 45. Qa2 e4 46. fxe4
Qxe4+ 47. Kf2 Qe7 48. Qd5 Qa7+ 49. Kf3 Qb8 50. Qa5 Qd6 51. Kg2 Kg8 52. c4 Kf7
53. Kh3 Ke7 54. g4 Qd3+ 55. Kh4 Qxc4 1/2-1/2

[Event "RUS-chT 13th"]
[Site "Sochi"]
[Date "2006.04.29"]
[Round "10"]
[White "Karjakin, Sergey"]
[Black "Riazantsev, Alexander"]
[Result "0-1"]
[WhiteElo "2661"]
[BlackElo "2593"]
[PlyCount "76"]
[EventDate "2006.04.20"]
[EventType "team-tourn"]
[EventRounds "11"]
[EventCountry "RUS"]
[SourceTitle "EXT 2020"]
[Source "ChessBase"]
[SourceDate "2019.10.17"]
[SourceVersion "1"]
[SourceVersionDate "2019.10.17"]
[SourceQuality "1"]
[WhiteTeam "Samara Yunilain"]
[BlackTeam "Chelyabinsk South Ural"]
[WhiteTeamCountry "RUS"]
[BlackTeamCountry "RUS"]

1. e4 c6 2. d4 d5 3. Nc3 dxe4 4. Nxe4 Bf5 5. Ng3 Bg6 6. h4 h6 7. Nf3 Nd7 8. h5
Bh7 9. Bd3 Bxd3 10. Qxd3 e6 11. Bf4 Qa5+ 12. Bd2 Bb4 13. c3 Be7 14. c4 Qc7 15.
O-O-O Ngf6 16. Rhe1 b5 17. c5 Rd8 18. Qa3 Nd5 19. Ne2 Qb7 20. g4 a5 21. Ng3
N7b6 22. Ne4 Nc4 23. Qd3 a4 24. Kb1 a3 25. bxa3 Ra8 26. Bc1 Ra4 27. Ka1 Qa6 28.
Ne5 Nxa3 29. Re2 Nc4 30. Nd6+ Bxd6 31. cxd6 Nxd6 32. a3 Nf4 33. Bxf4 Rxa3+ 34.
Kb1 Ra1+ 35. Kb2 Qa2+ 36. Kc3 b4+ 37. Kxb4 Qa5+ 38. Kb3 Qa4+ 0-1

[Event "Foros Aerosvit"]
[Site "Foros"]
[Date "2006.06.18"]
[Round "2"]
[White "Karjakin, Sergey"]
[Black "Rublevsky, Sergei"]
[Result "1/2-1/2"]
[WhiteElo "2661"]
[BlackElo "2687"]
[PlyCount "60"]
[EventDate "2006.06.17"]
[EventType "tourn"]
[EventRounds "11"]
[EventCountry "UKR"]
[EventCategory "18"]
[SourceTitle "CBM 113"]
[Source "ChessBase"]
[SourceDate "2006.07.31"]
[SourceVersion "1"]
[SourceVersionDate "2006.07.31"]
[SourceQuality "1"]

1. e4 c5 2. Nf3 e6 3. d4 cxd4 4. Nxd4 Nc6 5. Nc3 a6 6. Nxc6 bxc6 7. Bd3 d5 8.
O-O Nf6 9. Re1 Be7 10. e5 Nd7 11. Na4 O-O 12. c4 a5 13. Qg4 f5 14. exf6 Nxf6
15. Qe2 Bd6 16. Bg5 e5 17. cxd5 cxd5 18. Nc3 Be6 19. Rad1 Qb8 20. Kh1 Bb4 21.
Bxf6 gxf6 22. a3 Bxc3 23. bxc3 Qc7 24. Bb1 Rad8 25. Qh5 Kh8 26. Qh6 Qg7 27.
Qxg7+ Kxg7 28. Ba2 Kf7 29. f4 exf4 30. Rd4 Rc8 1/2-1/2